000 00237nam a2200097Ia 4500
001 687998
005 20250826161606.0
008 250824s9999 xx 000 0 und d
245 0 _aHIZLI KURBAĞA
_cSİMON PUTTOCK
260 _bMARTI YAYINLARI
999 _c687998
_d687998